000 00413nam a2200181Ia 4500
001 8021
005 20260306160538.0
008 260306t2005||||xx |||||||||||||| ||spa||
041 _aESP
082 _a370.1
_bB45
100 _aBernal, Aurora,
_eAUT
245 0 _aEl realismo pedagógico
260 _c2005
300 _a223 páginas :
_c21 cm.
650 _aGEN
654 _aCED
942 _cLIB
_dJUS
_fJUS
_2ddc
_n
999 _c8021
_d8021